000 00593nam a2200181 4500
001 138014
003 ES-MaACL
005 20250630161531.0
007 t|
008 070214s1946 sp r ||||1| spa d
100 1 _aSànchez-Juan, Sebastià.
_9150503
245 1 0 _aBlanco y Rosicler
_b: poemas /
_cSebastián Sánchez Juan ; prólogo de Manuel de Montoliu.
260 _aBarcelona :
_bCasa del Libro,
_c1946.
300 _a91 p. :
_bil. = retr. aut. ;
_c19 cm.
700 0 _aMontoliu, Manuel de,
_d1877-1961
_982679
852 _aES-MaACL
_j1859-F-14
_bR.22926
999 _c138014
_d138014